La Biblia y las gentes de otras religiones /
Se estudian los textos bíblicos pertinentes para definir una postura cristiana respecto al diálogo con personas de otras creencias.
Guardado en:
| Autor principal: | |
|---|---|
| Formato: | Libro |
| Idioma: | Español |
| Publicado: |
Santander, España :
Sal Terrae,
1998, c1998
|
| Colección: | (Pastoral ;
58) |
| Temas: | |
| Etiquetas: |
Sin etiquetas, Sé el primero en etiquetar este registro!
|
MARC
| LEADER | 00000nam^a2200000^a^4500 | ||
|---|---|---|---|
| 001 | 000102025 | ||
| 005 | 20250521000000.0 | ||
| 009 | 20260310093257.882 | ||
| 020 | |a 84-293-1286-2 | ||
| 037 | |a Acervo ITESO - Biblioteca | ||
| 041 | |a ESP | ||
| 082 | |a 261. 2 |b ARI | ||
| 100 | |a Ariarajah, S. Wesley |e (autor) | ||
| 245 | 1 | 3 | |a La Biblia y las gentes de otras religiones / |c S.W. Ariarajah ; tr. por Ramón Colunga Salgado. |
| 264 | 4 | |a Santander, España : |b Sal Terrae, |c 1998, c1998 | |
| 300 | |a 120 p. | ||
| 336 | |a texto |b txt |2 rdacontenido | ||
| 337 | |a sin mediación |b n |2 rdamedio | ||
| 338 | |a volumen |b nc |2 rdasoporte | ||
| 440 | 1 | |a (Pastoral ; |v 58) | |
| 500 | |a Traducción de: The Bible and the people of other faiths | ||
| 520 | |a Se estudian los textos bíblicos pertinentes para definir una postura cristiana respecto al diálogo con personas de otras creencias. | ||
| 649 | |a XX | ||
| 650 | |a Ecumenismo | ||
| 650 | |a Biblia | ||
| 650 | |a Cristianismo | ||
| 650 | |a Religión | ||
| 910 | |a Fondo General | ||
| 920 | |a Impresos - Libros | ||
| 930 | |a Colección General | ||
| 905 | |a 101 | ||
| 901 | |a 0500037299 |b IT1 |c ACC |u 20250521 | ||
| 902 | |a https://opac.biblio.iteso.mx/vufind/Record/000102025 | ||